书目信息 |
| 题名: |
诗经全译
|
|
| 作者: | 袁愈荌 译 | |
| 分册: | ||
| 出版信息: | 贵阳 贵州人民出版社 1981.6 |
|
| 页数: | 548页 | |
| 开本: | 20cm | |
| 丛书名: | ||
| 单 册: | ||
| 中图分类: | I222.2 | |
| 科图分类: | ||
| 主题词: | 诗歌--中国 , 韵文--中国 | |
| 电子资源: | ||
| ISBN: | ||
| 000 | 00508nam0 2200193 45 | |
| 001 | 0312221749 | |
| 005 | 20060605164620.75 | |
| 010 | @dCNY1.85 | |
| 100 | @a20031222d1981 km y0chiy0120 ea | |
| 101 | @achi | |
| 200 | 1 | @a诗经全译@AShi Jing Quan Yi@f袁愈荌译@Fyuan yu an yi |
| 210 | @a贵阳@c贵州人民出版社@d1981.6 | |
| 215 | @a548页@d20cm | |
| 606 | 0 | @a诗歌@x中国 |
| 606 | 0 | @a韵文@x中国 |
| 690 | @aI222.2@v3 | |
| 701 | 0 | @a袁愈荌@Ayuan yu an@4译 |
| 801 | @aCN@bTSTCL@c20060605 | |
| 905 | @a213230@dI222.2@e178 | |
| 诗经全译/袁愈荌译.-贵阳:贵州人民出版社,1981.6 |
| 548页;20cm |
| ISBN :CNY1.85 |
| ● |
| 相关链接 |
|
|
|
|
正题名:诗经全译
索取号:I222.2/178
 
预约/预借
| 序号 | 登录号 | 条形码 | 馆藏地/架位号 | 状态 | 备注 |
| 1 | 0113393 | 000972157 | 第二借阅区/ [索取号:I222.2/178] | 在馆 | |
| 2 | 0113394 | 000972193 | 第二借阅区/ [索取号:I222.2/178] | 在馆 | |
| 3 | 0113395 | 000972273 | 第二借阅区/ [索取号:I222.2/178] | 在馆 | |
| 4 | 0113396 | 000972111 | 第二借阅区/ [索取号:I222.2/178] | 在馆 | |
| 5 | 0113397 | 001617030 | 密集书库/ [索取号:I222.2/178] | 在馆 | |
| 6 | 0173216 | 000972237 | 第二借阅区/ [索取号:I222.2/178] | 在馆 | |
| 7 | 0173217 | 000972353 | 第二借阅区/ [索取号:I222.2/178] | 在馆 | |
| 8 | 0173218 | 000972317 | 第二借阅区/ [索取号:I222.2/178] | 在馆 | |
| 9 | 0173219 | 000972433 | 第二借阅区/ [索取号:I222.2/178] | 在馆 | |
| 10 | 0173220 | 000972399 | 第二借阅区/ [索取号:I222.2/178] | 在馆 | |
| 11 | 0246464 | 000972086 | 第二借阅区/ [索取号:I222.2/178] | 在馆 | |
| 12 | 0246465 | 000972077 | 第二借阅区/ [索取号:I222.2/178] | 在馆 | |
| 13 | 0246466 | 000972040 | 第二借阅区/ [索取号:I222.2/178] | 在馆 | |
| 14 | 0246467 | 000972031 | 第二借阅区/ [索取号:I222.2/178] | 在馆 | |
| 15 | 0246468 | 000972460 | 第一样本阅览室/ [索取号:I222.2/178] | 在馆 | |
| 16 | 0420525 | 204205252 | 密集书库/ [索取号:I222.2/178] | 在馆 |